| 000 | 00562nam a2200217Ia 4500 | ||
|---|---|---|---|
| 001 | dia_1289 | ||
| 003 | CHAP | ||
| 005 | 20230126115516.0 | ||
| 008 | 220117s1948 xx 000 0 und d | ||
| 010 | _a171827 | ||
| 040 | _cCHAP | ||
| 082 | _a574.19 B24 | ||
| 100 |
_aBaldwin, Ernest _99676 |
||
| 245 | _aDynamic Aspects of Biochemistry | ||
| 260 |
_aNew York, the Macmillan CO. _c1948 |
||
| 300 | _a456 pp. tabls. | ||
| 901 | _a574.19 B24 | ||
| 902 | _aM | ||
| 905 | _a0000001948 -US 0000000000ENG00 | ||
| 942 |
_cLIBRO _2ddc |
||
| 999 |
_c171827 _d171827 |
||